|
|
|
|
| LEADER |
00000nam a22000007a 4500 |
| 005 |
20170314203345.0 |
| 007 |
cr|||| |||| |
| 008 |
170314s2014 es |||||s|||| 00||0 spa d |
| 020 |
|
|
|a 978-84-91232-208-7
|
| 035 |
|
|
|a 14849
|
| 040 |
|
|
|a vLex
|
| 090 |
|
|
|c 6605
|d 6605
|
| 245 |
0 |
0 |
|a Autonoma̕ individual frente a autonoma̕ colectiva
|h [Recurso electrn̤ico] :
|b Derechos en conflicto
|
| 256 |
|
|
|a Servicio en ln̕ea
|
| 260 |
|
|
|a Madrid:
|b Marcial Pons,
|c 2014
|
| 300 |
|
|
|a 1 recurso electrn̤ico (290 p.)
|
| 506 |
1 |
|
|a Disponible solo en los productos indicados
|d vLex Global
|d vLex Global (Academic Edition, excluding Law Schools)
|d vLex Global (U.S. Academic Edition, Law Schools)
|d vLex Global (U.S. Academic Edition, excluding Law Schools)
|d vLex Global (Academic Edition, Law Schools)
|
| 650 |
0 |
4 |
|a Derecho Civil
|z Espaą
|
| 650 |
0 |
4 |
|a Derecho Pb︢lico y Administrativo
|z Espaą
|
| 650 |
0 |
4 |
|a Derecho Constitucional
|z Espaą
|
| 650 |
0 |
4 |
|a Derecho Internacional
|z Espaą
|
| 650 |
0 |
4 |
|a Ciencias sociales
|z Espaą
|
| 740 |
0 |
|
|a vLex Libros (Servicio en ln̕ea)
|
| 856 |
4 |
0 |
|u http://vlex.com/source/autonomia-individual-autonomia-colectiva-derechos-conflicto-14849
|z Acceso restringido
|
| 942 |
|
|
|c BOOK
|
| 999 |
0 |
|
|a Civil Law
|
| 999 |
0 |
|
|a Public and Administrative Law
|
| 999 |
0 |
|
|a Constitutional Law
|
| 999 |
0 |
|
|a International Law
|
| 999 |
0 |
|
|a Social sciences
|